High water level risk (Record no. 50546)
[ view plain ]
| 000 -LEADER | |
|---|---|
| fixed length control field | 00899cab a2200289 4500 |
| 001 - CONTROL NUMBER | |
| control field | WB3332-40 |
| 008 - FIXED-LENGTH DATA ELEMENTS--GENERAL INFORMATION | |
| fixed length control field | 090401t1997 xxu||||| |||| 00| 0 eng d |
| 035 ## - SYSTEM CONTROL NUMBER | |
| System control number | (Sirsi) u80281 |
| 041 ## - LANGUAGE CODE | |
| Language code of text/sound track or separate title | eng |
| 245 ## - TITLE STATEMENT | |
| Title | High water level risk |
| 260 ## - PUBLICATION, DISTRIBUTION, ETC. | |
| Date of publication, distribution, etc. | 1997 |
| 350 ## - PRICE (NR) (BK AM CF MU VM SE) [OBSOLETE] | |
| Price | 0 |
| 490 ## - SERIES STATEMENT | |
| Series statement | Financial Times |
| Volume/sequential designation | 14 August 1997, 18(10) |
| 520 ## - SUMMARY, ETC. | |
| Summary, etc. | A rise in groundwater levels in central London could lead to billions of pounds worth of damage to communication systems and property over the next decade. The British Property Federation are concerned. |
| 650 ## - SUBJECT ADDED ENTRY--TOPICAL TERM | |
| Topical term or geographic name entry element | ASSOCIATION OF BRITISH INSURERS |
| 650 ## - SUBJECT ADDED ENTRY--TOPICAL TERM | |
| Topical term or geographic name entry element | BPF |
| 650 ## - SUBJECT ADDED ENTRY--TOPICAL TERM | |
| Topical term or geographic name entry element | CENTRAL LONDON |
| 650 ## - SUBJECT ADDED ENTRY--TOPICAL TERM | |
| Topical term or geographic name entry element | PROPERTY-COMMERCIAL PROPERTY |
| 650 ## - SUBJECT ADDED ENTRY--TOPICAL TERM | |
| Topical term or geographic name entry element | COMMUNICATIONS SYSTEMS |
| 650 ## - SUBJECT ADDED ENTRY--TOPICAL TERM | |
| Topical term or geographic name entry element | DAMAGE |
| 650 ## - SUBJECT ADDED ENTRY--TOPICAL TERM | |
| Topical term or geographic name entry element | FUTURE |
| 650 ## - SUBJECT ADDED ENTRY--TOPICAL TERM | |
| Topical term or geographic name entry element | GROUNDWATER LEVELS |
| 650 ## - SUBJECT ADDED ENTRY--TOPICAL TERM | |
| Topical term or geographic name entry element | LONDON UNDERGROUND |
| 690 ## - LOCAL SUBJECT ADDED ENTRY--TOPICAL TERM (OCLC, RLIN) | |
| Topical term or geographic name as entry element | WATER |
| 942 ## - ADDED ENTRY ELEMENTS (KOHA) | |
| Suppress in OPAC | 0 |
| 948 ## - LOCAL PROCESSING INFORMATION (OCLC); SERIES PART DESIGNATOR (RLIN) | |
| c (OCLC) | 14/08/1997 |
| Withdrawn status | Lost status | Source of classification or shelving scheme | Damaged status | Not for loan | Home library | Current library | Shelving location | Date acquired | Total Checkouts | Full call number | Barcode | Date last seen | Copy number | Price effective from | Koha item type |
|---|---|---|---|---|---|---|---|---|---|---|---|---|---|---|---|
| Dewey Decimal Classification | London | London | News article | 14/09/1999 | WB3332-40 | 80281-1001 | 06/08/2019 | 1 | 06/08/2019 | News article |